Zetech University Library - Online Catalog

Mobile: +254-705278678

Whatsapp: +254-706622557

Feedback/Complaints/Suggestions

library@zetech.ac.ke

Normal view MARC view

Entry Personal Name

Number of records used in: 1

001 - CONTROL NUMBER

  • control field: 28579

003 - CONTROL NUMBER IDENTIFIER

  • control field: KeNaZET

005 - DATE AND TIME OF LATEST TRANSACTION

  • control field: 20250918110933.0

008 - FIXED-LENGTH DATA ELEMENTS

  • fixed length control field: 250918|| aca||aabn | a|a d

040 ## - CATALOGING SOURCE

  • Original cataloging agency: KeNaZET
  • Transcribing agency: KeNaZET

100 ## - HEADING--PERSONAL NAME

  • Personal name: Whittington, Richard

670 ## - SOURCE DATA FOUND

  • Source citation: Work cat.: (KeNaZET)2141: Johnson, Gerry. 28577, Exploring corporate strategy /, 2008.